Διαχείριση παραλίων : περιοχή εφαρμογής : το στενό της Μυτιλήνης : πτυχιακή εργασία
Αποθηκεύτηκε σε:
| Κύριος συγγραφέας: | |
|---|---|
| Συγγραφή απο Οργανισμό/Αρχή: | |
| Άλλοι συγγραφείς: | , |
| Μορφή: | Thesis Βιβλίο |
| Γλώσσα: | Greek |
| Δημοσίευση: |
1996.
|
| Θέματα: | |
| Διαθέσιμο Online: | http://hdl.handle.net/11610/9966 |
| Ετικέτες: |
Προσθήκη ετικέτας
Δεν υπάρχουν, Καταχωρήστε ετικέτα πρώτοι!
|
MARC
| LEADER | 00000cam a2200000 i 4500 | ||
|---|---|---|---|
| 001 | 1/5703 | ||
| 008 | 000608s1996 gre d | ||
| 035 | |l 10061679 | ||
| 040 | |a GR-MY-UA |b gre |e aacr | ||
| 041 | 0 | |a gre | |
| 082 | 0 | |a 333.917 |2 (22) | |
| 100 | 1 | |a Βουλβούλης, Νικόλαος. | |
| 245 | 1 | 0 | |a Διαχείριση παραλίων : |b περιοχή εφαρμογής : το στενό της Μυτιλήνης : πτυχιακή εργασία / |c Βουλβούλης Νικόλαος ; επιβλέποντες: Μ. Καρύδης, Γ. Τσιρτσής, Χ. Κοκκώσης |
| 260 | |c 1996. | ||
| 300 | |a 52 σ. : |b εικ., πιν. ; |c 30 εκ. | ||
| 502 | |a Πτυχιακή εργασία - Πανεπιστήμιο Αιγαίου, Λέσβος, 1996. | ||
| 504 | |a Περιέχει παράρτημα και βιβλιογραφία. | ||
| 650 | 0 | 0 | |a Dissertations, Academic |z Greece. |
| 650 | 0 | |a Coastal zone management |z Greece |z Mytilene (Lesbos) | |
| 700 | 1 | |a Καρύδης, Μιχάλης, |e dgs | |
| 700 | 1 | |a Τσιρτσής, Γεώργιος Ε. | |
| 700 | 1 | |a Κοκκώσης, Χαράλαμπος. | |
| 710 | 2 | |a Πανεπιστήμιο Αιγαίου. |b Σχολή Περιβάλλοντος. |b Τμήμα Περιβάλλοντος. | |
| 852 | |a INST |b LESVOS |c DIATR |e 20000608 |h 305 |p 005100026010 |q 005100026010 |t DIE |y 23 | ||
| 852 | |a INST |b LESVOS |c DIATR |e 20000608 |h 306 |p 005100026013 |q 005100026013 |t DIE |y 23 | ||
| 856 | |u http://hdl.handle.net/11610/9966 | ||
| 901 | |a BIBL1-2000-2 | ||
| 909 | |a Λ |b 080320 | ||
| 909 | |a Λ |b 080321 | ||
| 924 | |a ΒΟΥΛΒΟΥΛΗΣ |b ΝΙΚΟΛΑΟΣ |y ΛΕΣΒΟΣ |z 1996-08 | ||
| 970 | |a ΑΙΒΑΤΖΙΔΟΥ |b ΕΛΕΝΗ |z 2000/06/08 | ||